Southville International School and Colleges
Your cart is empty.
  • Cart
  • Lists
    Public lists Eva Luna New books Lux_list list_1
    Your lists Log in to create your own lists
  • Log in to your account
  • Your cookies
  • Search history
Southville International School and Colleges
  • Advanced search
  • Recent comments
  • Most popular
  • Libraries

Log in to your account

Log in with GOOGLE


If you do not have an external account, but do have a local account, you can still log in:

  1. Home
  2. MARC view: Trigonometry /
Normal view MARC view ISBD view

Trigonometry / (Record no. 16689)

[ view plain ]
MARC details
000 -LEADER
fixed length control field 00585nam a22002297a 4500
003 - CONTROL NUMBER IDENTIFIER
control field OSt
005 - DATE AND TIME OF LATEST TRANSACTION
control field 20140310182833.0
008 - FIXED-LENGTH DATA ELEMENTS--GENERAL INFORMATION
fixed length control field 130604t xxu||||| |||| 00| 0 eng d
020 ## - INTERNATIONAL STANDARD BOOK NUMBER
International Standard Book Number 0675095751
050 ## - LIBRARY OF CONGRESS CALL NUMBER
Classification number QA 531
Item number .L693 1997
082 ## - DEWEY DECIMAL CLASSIFICATION NUMBER
Classification number M 516.24
Item number L61 1997
245 ## - TITLE STATEMENT
Title Trigonometry /
Statement of responsibility, etc Lial, Margaret
250 ## - EDITION STATEMENT
Edition statement 6th ed.
260 ## - PUBLICATION, DISTRIBUTION, ETC. (IMPRINT)
Place of publication, distribution, etc Massachusetts :
Name of publisher, distributor, etc Addsion - Wesley,
Date of publication, distribution, etc 1997
300 ## - PHYSICAL DESCRIPTION
Extent xxiv, 422 p.:
Other physical details ill. ;
Dimensions 24 cm.
521 ## - TARGET AUDIENCE NOTE
Target audience note
526 ## - STUDY PROGRAM INFORMATION NOTE
Reading level 1210L-1700L
541 ## - IMMEDIATE SOURCE OF ACQUISITION NOTE
-- 1
541 ## - IMMEDIATE SOURCE OF ACQUISITION NOTE
-- 2
562 ## - COPY AND VERSION IDENTIFICATION NOTE
Number of copies 2
942 ## - ADDED ENTRY ELEMENTS (KOHA)
Source of classification or shelving scheme Library of Congress Classification
Koha item type Books
Call number prefix
Holdings
Withdrawn status Lost status Source of classification or shelving scheme Damaged status Home library Current library Shelving location Date acquired Source of acquisition Total Checkouts Full call number Barcode Date last seen Copy number Price effective from Koha item type
    Library of Congress Classification   Archives Archives   06/04/2013 Donation   QA 531 .L693 1997 C4526 05/15/2018 2 11/14/2013 Books
    Library of Congress Classification   Archives Archives   06/05/2013 Donation   QA 531 .L693 1997 C4527 05/15/2018 1 11/14/2013 Books

Trigonometry /

APA

(1997). Trigonometry. Massachusetts: Addsion - Wesley.

Chicago

1997. Trigonometry. Massachusetts: Addsion - Wesley.

Harvard

(1997). Trigonometry. Massachusetts: Addsion - Wesley.

MLA

Trigonometry. Massachusetts: Addsion - Wesley. 1997.

  • Place hold
  • Print
  • Cite
  • Add to your cart (remove)
  • Save record
    BIBTEX Dublin Core MARCXML MARC (non-Unicode/MARC-8) MARC (Unicode/UTF-8) MARC (Unicode/UTF-8, Standard) MODS (XML) RIS
  • More searches
    Search for this title in:
    Other Libraries (WorldCat) Other Databases (Google Scholar) Online Stores (Bookfinder.com) Open Library (openlibrary.org)

Exporting to Dublin Core...

SOUTHVILLE LIBRARY

Southville International School and Colleges Library

1281 Tropical Ave. Cor. Luxembourg St., BF Homes International, Las Pinas City

Tel. No. 8256374 / 252358 Loc. 117/146

Powered by Koha